The radical edge : stoke your business, amp your life and change the world /

Bibliographic Details
Main Author: Farber, Steve
Format: Book
Published: New York: Kaplan Pub, 2009.
Subjects:
LEADER 00652cam a2200217 7i4500
001 0000012100
005 20151104090000.0
005 ##20151104113200.0
003 ##MY-KlINT
020 # # |a 9781427797933  
039 # 9 |y 201511041132  |z VLOAD 
090 0 0 |a 658.4092   |b FAR 
100 1 # |a Farber, Steve 
245 1 4 |a The radical edge :   |b stoke your business, amp your life and change the world /   |c Steve Farber. 
260 # # |a New York:   |b Kaplan Pub,   |c 2009. 
300 # # |a 165 p;   |c 19cm. 
650 # 0 |a Leadership  
650 # 0 |a Organizational effectiveness  
650 # 0 |a Organizational change  
650 # 0 |a Management  
999 |a 0000065580  |b BOOK  |c Main Non-Fiction  |e INTAN BK